Don Gutierre de Cárdenas, íntimo confidente y consejero de los Reyes Católicos / (Record no. 97183)

MARC details
000 -LEADER
campo de control de longitud fija 00549nam a2200169 i 4500
001 - NÚMERO DE CONTROL
campo de control 97183
003 - IDENTIFICADOR DE NÚMERO DE CONTROL
campo de control ES-MaACL
005 - FECHA Y HORA DE LA ÚLTIMA TRANSACCIÓN
campo de control 20251122063118.0
007 - CAMPO FIJO DE DESCRIPCIÓN FÍSICA--INFORMACIÓN GENERAL
campo de control de longitud fija t|
008 - DATOS DE LONGITUD FIJA--INFORMACIÓN GENERAL
campo de control de longitud fija 050707s1945 sp ||||1| spa d
100 0# - ENTRADA PRINCIPAL--NOMBRE DE PERSONA
Nombre de persona Maqueda, Leopoldo Barón Torres,
Títulos y otros términos asociados al nombre Duque de
9 (RLIN) 76277
245 10 - MENCIÓN DEL TÍTULO
Título Don Gutierre de Cárdenas, íntimo confidente y consejero de los Reyes Católicos /
Mención de responsabilidad, etc. Duque de Maqueda.
260 ## - PUBLICACIÓN, DISTRIBUCIÓN, ETC.
Lugar de publicación, distribución, etc. Madrid :
Nombre del editor, distribuidor, etc. Editora Nacional,
Fecha de publicación, distribución, etc. 1945.
300 ## - DESCRIPCIÓN FÍSICA
Extensión 207 p. ;
Dimensiones 17 cm.
852 ## - LOCALIZACIÓN
Ubicación ES-MaACL
Número de control de estantería B-10163
Sublocalización o colección R.21265
Holdings
Estatus retirado Estado de pérdida Estado de daño No para préstamo Biblioteca de origen Biblioteca actual Ubicación en estantería Fecha de adquisición Fuente de adquisición Total de préstamos Signatura topográfica completa Código de barras Visto por última vez Precio de reemplazo Tipo de ítem Koha
        Biblioteca del Ateneo de Madrid Biblioteca del Ateneo de Madrid Sala Pardo Bazán 17/01/2008     B-10163 1101457 23/02/2023 23/02/2023 Libro impreso